000 00828nam a2200253 i 4500
005 20260316160721.0
008 260316s2024 enk 000|0 eng|d
020 _a9780414108721
_qpaperback
041 _aeng
082 0 4 _a343.41078624
245 0 0 _aJCT: Management Works Contractor/Employer Agreement 2024
_bMCWC/E 2024
246 1 _aMCWC/E 2024
264 1 _aLondon :
_bThomson Reuters (Professional) UK Limited, trading as Sweet & Maxwell,
_c2024
300 _aii, 17 pages ;
_c30 cm
336 _atext
_2rdacontent
337 _aunmediated
_2rdamedia
338 _avolume
_2rdacarrier
490 _aJCT Contracts 2024
650 0 _aConstruction contracts
_zGreat Britain
651 _aUnited Kingdom
710 2 _aJoint Contracts Tribunal,
_eissuing body.
942 _n0
999 _c122337
_d122337